Methods of creating agent coalitions for solving planning problems in flexibile manufacturing systems : Obh.23.06.2003
Gespeichert in:
| 1. Verfasser: | |
|---|---|
| Weitere Verfasser: | |
| Format: | Manuskript Buch |
| Sprache: | Englisch |
| Veröffentlicht: |
Bratislava :
Ústav informatiky SAV,
2003
|
| Tags: |
Keine Tags, Fügen Sie das erste Tag hinzu!
|
MARC
| LEADER | 00000ntm a22000003a 4500 | ||
|---|---|---|---|
| 001 | stu83073 | ||
| 005 | 20150617225634.4 | ||
| 008 | 040109s2003------------------------eng-d | ||
| 040 | |a STU |b slo | ||
| 041 | 0 | |a eng | |
| 100 | 1 | |a Tung, Dang Thanh |4 aut | |
| 245 | 1 | |a Methods of creating agent coalitions for solving planning problems in flexibile manufacturing systems : |b Obh.23.06.2003 | |
| 260 | |a Bratislava : |b Ústav informatiky SAV, |c 2003 | ||
| 300 | |a 129 s | ||
| 700 | 1 | |a Frankovič, Baltazár |4 ths | |
| 996 | |b 284ED01028 |c E*PGŠ-859 |l EE01 |s A |a 24 |w stu83073_0001 | ||